Elenco do Santos campeão da libertadores - Statistics

Estatísticas Gerais
  • Esse quiz foi jogado 45 vezes
  • A pontuação média é 9 de 18
Estatísticas das Respostas
Posição Jogador % Correto
ATA 11 Neymar Jr.
100%
MC 10 Paulo Henrique Ganso
94%
VOL 5 Arouca
72%
ZAG 6 Durval
72%
LE 3 Léo
72%
GOL 1 Rafael
72%
ZAG 2 Edu Dracena
69%
MC 8 Elano
67%
LD 22 Danilo
61%
LE 16 Alex Sandro
53%
LD 21 Pará
39%
ATA 20 Zé Eduardo
39%
VOL 15 Adriano
31%
ZAG 14 Bruno Rodrigo
22%
ATA 17 Maikon Leite
19%
ATA 9 Keirrison
17%
MC 25 Alan Patrick
11%
GOL 24 Vladmir
6%
Nenhum quiz correspondente encontrado
Distribuição das Pontuações
Porcentagem de Pessoas com Cada Pontuação
Percentil de Números Respondidos
Sua Pontuação Histórica
Você não jogou esse quiz